| 000 | 00342nam a2200097Ia 4500 | ||
|---|---|---|---|
| 008 | 230915s9999 xx 000 0 und d | ||
| 050 | _aTHE.HG 178.3.K67 2017 | ||
| 100 | _aKOSGEI,JACKSON | ||
| 245 | 0 | _aINFLUENCE OF CREDIT RATIONING ON FINANCIAL PERFORMANCE OF DEPOSIT TAKING MICROFINANCE INSTITUTIONS IN UASIN GISHU COUNTY,KENYA | |
| 942 | _cBK | ||
| 999 |
_c203785 _d203785 |
||